Countries that border a country that starts with N quiz - Statistics

General Stats
  • This quiz has been taken 41 times
    29 since last reset
  • The average score is 25 of 29
Answers on the Map
Answers color-coded by a green-red scale on the quiz's map according to % correct below.
 
Answer Stats
Answer % Correct
Cameroon
96%
Costa Rica
96%
Honduras
96%
Algeria
91%
Algeria
91%
Benin
91%
Burkina Faso
91%
Chad
91%
Libya
91%
Mali
91%
South Africa
91%
Albania
87%
Angola
87%
Botswana
87%
Bulgaria
87%
China
87%
China
87%
Greece
87%
Kosovo
87%
India
83%
Serbia
83%
South Korea
83%
Sweden
83%
Belgium
78%
Germany
78%
Finland
74%
Russia
70%
Russia
70%
Zambia
65%
No matching quizzes found
Score Distribution
Percent of People with Each Score
Percentile by Number Answered
Your Score History
You have not taken this quiz since the last reset